Представление документа в формате MARC21

Поле Инд. ПП Название Значение
Тип записи a
Библиографический уровень m
001 _ Контрольный номер RU/URAIT/539549
005 _ Дата корректировки 20250915104042.8
008 Кодируемые данные 170531s2024 RU y f j 000 0 rus u
020 a ISBN 978-5-534-07551-9
c Цена, тираж 849.00
040 a Служба первич. каталог. ИКО Юрайт
c Служба, преобразующая запись ИКО Юрайт
e Правила каталог. RCR
041 a Код языка текста rus
044 a Код страны публикации RU
080 a Индекс УДК 796(075.8)
084 2 Источник индекса rubbk
a Индекс другой классификации/Индекс ББК 75я73
100 1_ a Автор Завьялова Татьяна Александровна
q Полное имя Татьяна Александровна
245 a Заглавие Теория и методика избранного вида спорта
b Продолж. заглавия учебное пособие для вузов
c Ответственность Т. А. Завьялова [и др.] ; под редакцией С. Е. Шивринской.
250 g испр. и доп
a Основные сведения об издании 2-е изд.
256 a Характеристики компьютерного файла Электрон. дан.
260 a Место издания Москва
b Издательство Юрайт
c Дата издания 2024
300 a Объем 189 с
440 a Серия Высшее образование
500 a Примечание URL: https://urait.ru/bcode/539549 (дата обращения: 09.02.2024).
520 a Аннотация В учебном пособии показаны общие научно-теоретические представления и особенности спортивного отбора и спортивной ориентации в различных видах спорта, даны определения основных видов спортивной подготовки, выделены общие положения и иллюстрирована специфика тренировочного процесса. Отдельная глава посвящена особенностям подготовки и проведения соревнований в беговых видах легкой атлетики, лыжных гонках и спортивных играх. Для студентов высших учебных заведений, а также преподавателей и слушателей центров и институтов повышения квалификации в области физической культуры и спорта.
538 a Прим. о системных особенностях Режим доступа: Электронно-библиотечная система Юрайт, для авториз. пользователей
653 a Ключевые слова Физическая культура
653 a Ключевые слова Гуманитарные науки
653 a Ключевые слова Теория и методика избранного вида спорта
653 a Ключевые слова Плавание с методикой преподавания
653 a Ключевые слова Теория и методика плавания
653 a Ключевые слова Теория и методика обучения базовым видам спорта. Плавание
653 a Ключевые слова Плавание и методика тренировки
653 a Ключевые слова Плавание и методика его преподавания
653 a Ключевые слова Технологии спортивной тренировки в избранном виде спорта
653 a Ключевые слова ТМОБВС: Плавание
653 a Ключевые слова Теория и методика базовым видам спорта Плавание
653 a Ключевые слова Теория и методика обучения плаванию
653 a Ключевые слова Теория и методика преподавания плавания
653 a Ключевые слова Теория и методика избранного вида спорта Плавание
700 1_ a Другие авторы Кылосов Андрей Анатольевич
q Полное имя Андрей Анатольевич
700 1_ a Другие авторы Павлов Георгий Акимович
q Полное имя Георгий Акимович
700 1_ a Другие авторы Подосёнков Александр Львович
q Полное имя Александр Львович
700 1_ a Другие авторы Шарков Юрий Петрович
q Полное имя Юрий Петрович
700 1_ a Другие авторы Шивринская Светлана Евгеньевна
q Полное имя Светлана Евгеньевна
856 40 n Местонахождение сервера Юрайт
g Электронная книга
q Тип электронного формата html
h Имя пользователя ЮРАЙТ
v Часы доступа к ресурсу 20240803
2 Способ доступа Показать документ
x Примечание для ЭОР https://urait.ru/book/cover/F00528D0-F1F2-4706-A497-811209449D9C
u URL https://urait.ru/bcode/539549
z Примечание для пользователя Участвует в КО
856 41 q Тип электронного формата cover
u URL https://urait.ru/book/cover/F00528D0-F1F2-4706-A497-811209449D9C